US States With the Most Sheep - Statistics

General Stats
  • This quiz has been taken 92 times
  • The average score is 8 of 10
Answer Stats
Sheep State % Correct
735,000 Texas
97%
570,000 California
87%
425,000 Colorado
87%
200,000 Montana
87%
340,000 Wyoming
87%
230,000 Idaho
80%
250,000 South Dakota
77%
165,500 Oregon
73%
151,000 Iowa
70%
285,000 Utah
70%
No matching quizzes found
Score Distribution
Percent of People with Each Score
Percentile by Number Answered
Your Score History
You have not taken this quiz